1965 1404 1294 1891 1324 1855 1257 1750 1187 1966 1908 1158 1802 1842 1990 1582 1713 1604 1622 1359 1101 1939 1265 1338 1845 1927 1716 1274 1880 1127 1165 1822 1694 1885 1920 1261 1458 1380 1888 1176 1020 1485 1187 1252 1875 1936 1088 1918 1182 1098 1046 1123 1560 1227 1221 1180 1507 1978 1424 1761 1610 1338 1454 1481 1058 1739 1939 1608 1365 1945 1239 1828 1790 1441 1035 1512 1899 1344 1106 1989 1404 1268 1589 1840 1712 1540 1910 1698 1172 1914 1341 1854 1276 1593 1023 1546 1309 1769 1692 BCNSPRNW ULIB Ver.6.0+V

เปลี่ยนเป็นภาษาไทย

Change to English
 แสดงรายละเอียดบรรณานุกรม
  กลับหน้าหลัก

Brief Record : Get Marc (ISO 2709) : E-mail record : QR code < ปิดหน้าต่าง
LEADER : 00000nam 2200000uu 4500
001    13399110172
003     ULIB
008    110425s2545||||th 000 0 tha d
020    9746375768
060 04 WK810^bก452ด 2545
245 00 การดูแลรักษาผู้ป่วยเบาหวาน /^cวิทยา ศรีดามา, บรรณาธิการ
250    พิมพ์ครั้งที่ 3
260    กรุงเทพฯ :^bโครงการตำราจุฬาอายุรศาสตร์ ภาควิชาอายุรศาสตร์คณะแพทยศาสตร์ จุฬาลงกรณ์มหาวิทยาลัย,^c2545
300    334 หน้า :^bภาพประกอบ ;^c26 ซม.
440  0 โครงการตำราจุฬาอายุรศาสตร์ ;^vฉบับที่ 13
504    บรรณานุกรมและดรรชนี
650  7 เบาหวาน^xการรักษา
650  7 ผู้ป่วย, การดูแล
700 0  วิทยา ศรีดามา,^eบรรณาธิการ
710 2  จุฬาลงกรณ์มหาวิทยาลัย.^bคณะแพทยศาสตร์.^bโครงการตำราอายุรศาสตร์
945    ^p200^l0^i015586
945    ^p200^l0^i015585
995    ทศพร
999 ^a ใช้งานได้ทุกระบบ
รายการนี้ยังไม่มีแท็ก
คุณยังไม่ได้ล็อกอิน คุณสามารถมีกิจกรรมร่วมกับเว็บไซต์ได้ แต่ต้องล็อกอินก่อน ::
  ล็อกอิน

รายการสื่อสารสนเทศ

ลำดับที่ ประเภท เลขเรียก/บาร์โค้ด สถานที่ สถานะ
- ไม่พบข้อมูล -

รายการใกล้เคียง
    หัวเรื่อง [เบาหวาน การรักษา]
    หัวเรื่อง [ผู้ป่วย, การดูแล]

BibComment


ยังไม่เคยถูกคอมเมนท์

คอมเมนท์ทรัพยากรรายการนี้
  คอมเมนท์: การดูแลรักษาผู้ป่..


 Copyright 2026. Bcnsprnw @Library